Design and application of linear computational circuits (Record no. 67012)

000 -LEADER
fixed length control field 00500nam a22001817a 4500
003 - CONTROL NUMBER IDENTIFIER
control field NUST - PNEC
005 - DATE AND TIME OF LATEST TRANSACTION
control field 20170116181009.0
008 - FIXED-LENGTH DATA ELEMENTS--GENERAL INFORMATION
fixed length control field 150913b xxu||||| |||| 00| 0 eng d
020 ## - INTERNATIONAL STANDARD BOOK NUMBER
International Standard Book Number 0830627278
040 ## - CATALOGING SOURCE
Transcribing agency LIBRARY
082 ## - DEWEY DECIMAL CLASSIFICATION NUMBER
Classification number 621.381535 BAT
100 ## - MAIN ENTRY--PERSONAL NAME
9 (RLIN) 10028
Personal name Batten, George L.
245 ## - TITLE STATEMENT
Title Design and application of linear computational circuits
Statement of responsibility, etc. George L. Batten
250 ## - EDITION STATEMENT
Edition statement 1st ed.
260 ## - PUBLICATION, DISTRIBUTION, ETC.
Date of publication, distribution, etc. c.1987
650 ## - SUBJECT ADDED ENTRY--TOPICAL TERM
9 (RLIN) 10031
Topical term or geographic name entry element Operational amplifiers
General subdivision MIS, EE
942 ## - ADDED ENTRY ELEMENTS (KOHA)
Source of classification or shelving scheme
Koha item type Book
Holdings
Withdrawn status Lost status Source of classification or shelving scheme Damaged status Not for loan Permanent Location Current Location Shelving location Date acquired Total Checkouts Full call number Barcode Date last seen Price effective from Koha item type
          Pakistan Navy Engineering College (PNEC) Pakistan Navy Engineering College (PNEC)       621.381535 BAT PNECLIB-013600 09/13/2015   Book
          Pakistan Navy Engineering College (PNEC) Pakistan Navy Engineering College (PNEC)       621.381535 BAT PNECLIB-013974 10/06/2015   Book
          Pakistan Navy Engineering College (PNEC) Pakistan Navy Engineering College (PNEC)       621.381535 BAT PNECLIB-013976 12/06/2015   Book
© 2023 Central Library, National University of Sciences and Technology. All Rights Reserved.